书目信息 |
| 题名: |
银行建筑
|
|
| 作者: | 刘翰林 编 ;常文心 译 | |
| 分册: | ||
| 出版信息: | 沈阳 辽宁科学技术出版社 2013.09 |
|
| 页数: | 271页 | |
| 开本: | 30cm | |
| 丛书名: | ||
| 单 册: | ||
| 中图分类: | TU247.1 | |
| 科图分类: | ||
| 主题词: | 银行--yin hang--建筑设计--世界--图集 | |
| 电子资源: | ||
| ISBN: | 978-7-5381-8255-2 | |
| 000 | 00940nam0 2200277 450 | |
| 001 | CAL 012013763124 | |
| 005 | 20150823143156.04 | |
| 010 | @a978-7-5381-8255-2@b精装@dCNY320.00 | |
| 100 | @a20130923d2013 em y0chiy50 ea | |
| 101 | 1 | @achi@aeng |
| 102 | @aCN@b210000 | |
| 105 | @aa z 001yy | |
| 106 | @ar | |
| 200 | 1 | @a银行建筑@Ayin hang jian zhu@d= Bank architecture@f刘翰林编@g常文心译@zeng |
| 210 | @a沈阳@c辽宁科学技术出版社@d2013.09 | |
| 215 | @a271页@c彩图@d30cm | |
| 320 | @a有索引 | |
| 330 | @a本书主要内容包括: 澳新银行中心、里加DnB北方办公楼、来福森银行总部、瑞典银行总部大楼、本迪戈银行 (一期工程) 、艾森斯塔特来福森金融中心等。 | |
| 510 | 1 | @aBank architecture@zeng |
| 586 | @a | |
| 606 | 0 | @a银行@Ayin hang@x建筑设计@y世界@j图集 |
| 690 | @aTU247.1@v5 | |
| 701 | 0 | @a刘翰林@Aliu han lin@4编 |
| 702 | 0 | @a常文心@Achang wen xin@4译 |
| 801 | 0 | @aCN@c20150820 |
| 905 | @a河南城建学院图书馆@dTU247.1@eL620@f1 | |
| 银行建筑= Bank architecture/刘翰林编/常文心译.-沈阳:辽宁科学技术出版社,2013.09 |
| 271页:彩图;30cm |
| ISBN 978-7-5381-8255-2(精装):CNY320.00 |
| 本书主要内容包括: 澳新银行中心、里加DnB北方办公楼、来福森银行总部、瑞典银行总部大楼、本迪戈银行 (一期工程) 、艾森斯塔特来福森金融中心等。 |
| ● |
| 相关链接 |
|
|
|
正题名:银行建筑
索取号:TU247.1/L620
 
预约/预借
| 序号 | 登录号 | 条形码 | 馆藏地/架位号 | 状态 | 备注 |
| 1 | 1169006 | 211690062 | 建筑库101/101建筑库 107排2列5层/ [索取号:TU247.1/L620] | 在馆 |